PSA Problem Solving Assessment-8 (Record no. 11538)
[ view plain ]
| 000 -LEADER | |
|---|---|
| fixed length control field | 00220nam a22000857a 4500 |
| 008 - FIXED-LENGTH DATA ELEMENTS--GENERAL INFORMATION | |
| fixed length control field | 190531b ||||| |||| 00| 0 eng d |
| 100 ## - MAIN ENTRY--PERSONAL NAME | |
| Personal name | Oswaal |
| 9 (RLIN) | 6700 |
| 245 ## - TITLE STATEMENT | |
| Title | PSA Problem Solving Assessment-8 |
| 260 ## - PUBLICATION, DISTRIBUTION, ETC. (IMPRINT) | |
| Place of publication, distribution, etc. | New Delhi |
| Name of publisher, distributor, etc. | Oswaal |
| Withdrawn status | Lost status | Source of classification or shelving scheme | Damaged status | Koha normalized classification for sorting | Not for loan | Home library | Current library | Shelving location | Date acquired | Total Checkouts | Full call number | Barcode | Date last seen | Price effective from | Koha item type |
|---|---|---|---|---|---|---|---|---|---|---|---|---|---|---|---|
| Dewey Decimal Classification | OSW_080_000000000000000 | Good Samaritan School Library | Good Samaritan School Library | General Knowledge | 05/31/2019 | OSW080 | OSW15274 | 05/31/2019 | 05/31/2019 | BOOK |